| 000 | 00666cab a2200241 4500 | ||
|---|---|---|---|
| 001 | X207 | ||
| 008 | 090401t1992 xxu||||| |||| 00| 0 eng d | ||
| 035 | _a(Sirsi) u64397 | ||
| 041 | _aeng | ||
| 100 | _aZincke, D. | ||
| 245 | _aProviding a shoulder to lean on | ||
| 260 | _c1992 | ||
| 350 | _a0 | ||
| 490 |
_aCSM (Chartered Surveyor Monthly) _v2(2) October 1992, 6(1) |
||
| 650 | _aABOUT RICS-RICS MEMBERS | ||
| 650 | _aINSURANCE CLAIMS | ||
| 650 | _aNOTIFYING INSURER | ||
| 650 | _aPROFESSIONAL INDEMNITY INSURANCE | ||
| 690 |
_aINSURANCE _96249 |
||
| 690 | _aMANAGEMENT-BUSINESS MANAGEMENT-PROFESSIONAL PRACTICE | ||
| 942 | _n0 | ||
| 948 | _c04/03/1997 | ||
| 999 |
_c40104 _d40104 |
||